Statystyki dla Najludniejsze miasta świata w 2150, z wyjątkami

Kliknij tutaj aby rozwiązać quiz!

Ogólne statystyki

  • Ten quiz został rozwiązany 109 razy
    (99 od ostatniego zresetowania)
  • Średni wynik to 13 z 15

Statystyki odpowiedzi

PopulacjaMiastoPaństwo% Poprawnych
39 mlnMoskwaRosja
98%
35 mlnBuenos AiresArgentyna
97%
43 mlnNowy JorkStany Zjednoczone
97%
16 mlnLondynWielka Brytania
96%
16 mlnParyżFrancja
95%
45 mlnMeksykMeksyk
91%
27 mlnStambułTurcja
91%
33 mlnLos AngelesStany Zjednoczone
90%
18 mlnSydneyAustralia
89%
15 mlnPetersburgRosja
86%
32 mlnRío de JaneiroBrazylia
86%
22 mlnBogotaKolumbia
82%
25 mlnLimaPeru
82%
46 mlnSao PauloBrazylia
81%
15 mlnBrasiliaBrazylia
75%

Rozkład punktacji

Percentyl według liczby udzielonych odpowiedzi

Procent ludzi z każdym wynikiem

Twoja historia wyników

Nie rozwiązałeś tego quizu od ostatniego zresetowania